| 000 | 00000nam##2200000za#4500 |
| 001 | 9.697381 |
| 003 | CaOODSP |
| 005 | 20210624235444 |
| 007 | cr ||||||||||| |
| 008 | 150407|1964||||xxc|||||o f|0| 0 eng|d |
| 040 | |aCaOODSP|beng |
| 043 | |an-cn--- |
| 086 | 1 |aA43-880/1964E-PDF |
| 110 | 1 |aCanada.|bAgriculture Canada.|bResearch Branch. |
| 245 | 10|aDiseases and insect pests of raspberries and other cane fruits / |h[electronic resource]|c[by] G.C. Chamberlain, W.L. Putman, and A.T. Bolton. |
| 260 | |aOttawa - Ontario : |bAgriculture Canada. |c1964. |
| 300 | |a32p.|bphotographs |
| 500 | |aHistorical publication digitized by Agriculture and Agri-Food Canada. |
| 590 | |a13-17-Supp|b2013-07-25 |
| 690 | 07|aFruits|2gcpds |
| 690 | 07|aPests|2gcpds |
| 690 | 07|aInsects|2gcpds |
| 775 | 08|tMaladies et insectes des framboisiers et autres ronces / |w(CaOODSP)9.641955 |
| 856 | 40|ahttp://publications.gc.ca|qPDF|s2.56 MB|uhttps://publications.gc.ca/collections/collection_2013/aac-aafc/agrhist/A43-880-1964-eng.pdf |
| 986 | |a880 |